000 00797nam a2200253Ia 4500
003 GCL
005 20240530102550.0
008 140319s9999 xx 000 0 ara d
040 _aGCL /
_cGCL
082 0 4 _a530
_bا ا
100 1 _aاحمد شوقى عمار
245 1 0 _aاساسيات الفيزياء :
_bخواص المادة والحرارة والكهرباء /
_cاحمد شوقى عمار
260 _a[S.N] :
_bدار الراتب الجامعية ،
_c1988
300 _a... ج ؛
_c24 سم
650 0 4 _aالضوء
650 0 4 _aالديناميكا
650 0 4 _aالكهرباء
650 0 4 _aالصوت
650 0 4 _aالحرارة
650 0 4 _aالفيزياء
650 0 4 _aالمغناطيسية
650 0 4 _aالجاذبية الارضية
942 _2ddc
_cBK
999 _c33076
_d33076